000 00272nam a2200097Ia 4500
001 647625
005 20250826153706.0
008 250824s9999 xx 000 0 und d
245 0 _aHASTALIK HASTASI ANTİK OKUL KLASİKLERİ
_cMOLİERE
260 _bANTİK DÜNYA KLASİKLERİ
999 _c647625
_d647625